La formación del maestro

Saved in:
Bibliographic Details
Main Author: Beggs, Walter K (Author)
Format: Book
Language:Spanish
Published: Buenos Aires Troquel 1968
Series:Biblioteca de la nueva educación
Subjects:
Tags: Add Tag
No Tags, Be the first to tag this record!

MARC

LEADER 00000nam a2200000 a 4500
001 UCY8154
003 CL-VaPUC
008 950623e19680000AG |||||||||||||||||spa|d
082 0 4 |a 370.71  |b BEG  |2 21 
100 0 |a Beggs, Walter K  |e author  |9 339352 
245 1 3 |a La formación del maestro 
300 |a 150 p 
942 |c BK 
945 |d 19950623 00:00:00  |a cmena 
260 |a Buenos Aires  |b Troquel  |c 1968 
650 0 |a Formación profesional de profesores  |9 307493 
650 7 |a SOCIEDAD CAMBIANTE  |2 CL-VaPUC  |9 334579 
650 7 |a DOCENCIA  |2 CL-VaPUC  |9 339353 
650 0 |a Planificación del currículo  |9 269599 
650 7 |a CERTIFICACION PARA LA DOCENCIA  |2 CL-VaPUC  |9 339354 
650 0 |a Sociedad contemporánea  |9 337179 
650 0 |a Asociación de docentes   |9 339289 
583 |a last modification  |c 19950623 00:00:00  |k Rodrigo Vera 
490 0 |a Biblioteca de la nueva educación 
999 |c 235432  |d 235430 
952 |0 0  |1 0  |4 0  |6 370_710000000000000_BEG_1968  |7 0  |8 P  |9 242843  |a BIBEDU  |b BIBEDU  |c BIBEDU_PB  |d 2019-11-18  |i 1524232  |o 370.71 BEG 1968  |p 1524232  |r 2024-01-25  |w 2019-11-18  |y BK  |k EDU